| 000 | 00463cam a2200181ua 4500 | ||
|---|---|---|---|
| 001 | 5414 | ||
| 005 | 20260515113859.0 | ||
| 008 | 120901n ii |||gr||||Z||||||eng | ||
| 040 | _cMAIN | ||
| 082 | _a820.954 | ||
| 100 | 1 |
_aChatterji, Suniti Kumar, _eAuthor, |
|
| 245 | 1 | 0 |
_aJayadeva _cby Suniti Kumar Chatterji |
| 250 | _a1st. | ||
| 260 |
_aNew Delhi: _bSahitya Akademi, _c1990. |
||
| 300 |
_a65p: _c18cm. |
||
| 653 | _aEnglish literature in ebglish | ||
| 942 | _cBK | ||
| 999 |
_c4591 _d4591 |
||